Los señores de las finanzas: los cuatro hombres que arruinaron el mundo

Saved in:
Bibliografiske detaljer
Hovedforfatter: Ahamed, Liaquat (Author)
Format: Bog
Sprog:spansk
Udgivet: Barcelona Ediciones Deusto 2010
Udgivelse:6a. ed
Fag:
Tags: Tilføj Tag
Ingen Tags, Vær først til at tagge denne postø!

MARC

LEADER 00000cam a2200000 a 4500
001 UCE7747
003 CL-VaPUC
008 150703e20100000sp |||||||||||||||||spa|d
020 |a 9788423427871 
082 0 4 |a 332.024009  |b AHA  |2 21 
100 0 |a Ahamed, Liaquat  |e author  |9 580454 
245 1 4 |a Los señores de las finanzas: los cuatro hombres que arruinaron el mundo 
250 |a 6a. ed 
300 |a 606 p 
942 |c BK 
945 |d 20150703 10:05:00  |a dcastane 
260 |a Barcelona  |b Ediciones Deusto  |c 2010 
650 0 |a Capitalistas  |9 330886 
650 0 |a Biografías  |9 255210 
650 7 |a ECONOMIA MUNDIAL  |2 CL-VaPUC  |9 580455 
583 |a last modification  |c 20150703 10:05:00  |k Rodrigo Vera 
999 |c 359778  |d 359776 
952 |0 0  |1 0  |3 erb  |4 0  |6 332_024009000000000_AHA_2010  |7 0  |8 A  |9 469320  |a BIBGIM  |b BIBGIM  |i 5166179  |l 1  |o 332.024009 AHA 2010  |p 5166179  |r 2025-01-15  |s 2020-08-04  |w 2019-11-23  |y BK  |z Catalogado en:20150703  |k COM 
952 |0 0  |1 0  |3 erb  |4 0  |6 332_024009000000000_AHA_2010  |7 0  |8 A  |9 469321  |a BIBGIM  |b BIBGIM  |i 5480957  |o 332.024009 AHA 2010  |p 5480957  |r 2025-01-15  |w 2019-11-23  |y BK  |z Catalogado en:20180713  |k COM